Normal view
MARC view
- Krishnaswamy, Jagadish
Entry Personal Name
001 - CONTROL NUMBER
- control field: 6644
003 - CONTROL NUMBER IDENTIFIER
- control field: OSt
005 - DATE AND TIME OF LATEST TRANSACTION
- control field: 20241227122955.0
008 - FIXED-LENGTH DATA ELEMENTS
- fixed length control field: 241227|| aca||aabn | a|a d
040 ## - CATALOGING SOURCE
- Original cataloging agency: OSt
- Transcribing agency: OSt
100 ## - HEADING--PERSONAL NAME
- Personal name: Krishnaswamy, Jagadish
670 ## - SOURCE DATA FOUND
- Source citation: Work cat.: (OSt)18778: Krishnaswamy, Jagadish, Hydrology and watershed services in the western Ghats of India /, 2006
